[Event "POL-chT 1st League"]
[Site "Leba"]
[Date "2023.09.28"]
[Round "6.3"]
[White "Nurkiewicz, Maciej"]
[Black "Pacan Milej, Kosma"]
[Result "1-0"]
[WhiteElo "2336"]
[BlackElo "2412"]
[PlyCount "65"]
[EventDate "2023.09.23"]
[EventType "team-swiss"]
[EventRounds "9"]
[EventCountry "POL"]
[SourceTitle "EXT 2024"]
[Source "ChessBase"]
[SourceDate "2023.10.10"]
[SourceVersion "1"]
[SourceVersionDate "2023.10.10"]
[SourceQuality "1"]
[WhiteTeam "Wrzos Miedzyborow"]
[BlackTeam "Opole Rodlo"]
[WhiteTeamCountry "POL"]
[BlackTeamCountry "POL"]

1. d4 Nf6 2. c4 g6 3. Nc3 Bg7 4. e4 d6 5. Bd3 0-0 6. Nge2 Nc6 7. 0-0 e5 8. d5 Nd4 9. Nxd4 exd4 10. Ne2 Nd7 11. b3 c5 12. f4 Re8 13. Ng3 Nf6 14. h3 h5 15. Qf3 h4 16. Nh1 Qa5 17. f5 gxf5 18. exf5 Qc3 19. Bf4 Re3 20. Bxe3 Qxd3 21. Bg5 Qxf3 22. Rxf3 Ne4 23. Bxh4 Be5 24. Nf2 Nc3 25. Ng4 b5 26. Re1 bxc4 27. bxc4 Ba6 28. Nxe5 dxe5 29. Rxe5 Bxc4 30. d6 d3 31. Be1 Ne2+ 32. Kf2 Nd4 33. Rg3+ 1-0

[Event "POL-chT 1st League"]
[Site "Sypniewo"]
[Date "2022.09.08"]
[Round "6.4"]
[White "Nurkiewicz, Maciej"]
[Black "Zylka, Stanislaw"]
[Result "0-1"]
[WhiteElo "2349"]
[BlackElo "2384"]
[PlyCount "80"]
[EventDate "2022.09.03"]
[EventType "team-swiss"]
[EventRounds "9"]
[EventCountry "POL"]
[SourceTitle "CBM 210 Extra"]
[Source "ChessBase"]
[SourceDate "2022.11.30"]
[SourceVersion "1"]
[SourceVersionDate "2022.11.30"]
[SourceQuality "1"]
[WhiteTeam "Wrzos Miedzyborow"]
[BlackTeam "Jastrzebie Zdroj Pionier"]
[WhiteTeamCountry "POL"]
[BlackTeamCountry "POL"]

1. d4 Nf6 2. c4 g6 3. Nc3 Bg7 4. e4 d6 5. Be2 0-0 6. Bg5 c5 7. d5 h6 8. Bf4 b5 9. cxb5 a6 10. bxa6 Qa5 11. Qd2 Nxa6 12. Nf3 g5 13. Be3 Rb8 14. Rb1 Ng4 15. 0-0 Nxe3 16. Qxe3 Nb4 17. Bc4 Nc2 18. Qd3 Nd4 19. Nxd4 Bxd4 20. Kh1 f5 21. f3 Kg7 22. Ne2 Be5 23. Ng3 f4 24. Nf5+ Bxf5 25. exf5 Bxb2 26. f6+ Bxf6 27. Qe4 Qa4 28. h3 Be5 29. Rfc1 Rxb1 30. Rxb1 h5 31. Rb7 Rf7 32. h4 g4 33. Rb1 Rf8 34. fxg4 Rb8 35. Rc1 Qa3 36. Rf1 Qg3 37. Rf3 Qxg4 38. Bd3 Rb2 39. Bc2 Rxc2 40. Qxc2 Qxh4+ 0-1

[Event "POL-chT 1st League"]
[Site "Sypniewo"]
[Date "2022.09.07"]
[Round "5.5"]
[White "Murdzia, Piotr"]
[Black "Nurkiewicz, Maciej"]
[Result "1-0"]
[WhiteElo "2423"]
[BlackElo "2349"]
[PlyCount "61"]
[EventDate "2022.09.03"]
[EventType "team-swiss"]
[EventRounds "9"]
[EventCountry "POL"]
[SourceTitle "CBM 210 Extra"]
[Source "ChessBase"]
[SourceDate "2022.11.30"]
[SourceVersion "1"]
[SourceVersionDate "2022.11.30"]
[SourceQuality "1"]
[WhiteTeam "Bydgoszcz Hetman"]
[BlackTeam "Wrzos Miedzyborow"]
[WhiteTeamCountry "POL"]
[BlackTeamCountry "POL"]

1. d4 Nf6 2. c4 g6 3. Nc3 Bg7 4. e4 d6 5. Be2 0-0 6. Bg5 h6 7. Be3 e5 8. d5 Ne8 9. Qc1 Kh7 10. h4 c5 11. h5 g5 12. g4 Bd7 13. f3 Nc7 14. a3 a5 15. Nh3 Bf6 16. b4 b6 17. bxa5 bxa5 18. 0-0 Nba6 19. Bd1 Rb8 20. Rb1 Na8 21. Ba4 Bxa4 22. Nxa4 Qd7 23. Qc2 Rxb1 24. Rxb1 Rb8 25. Rxb8 Nxb8 26. Qb3 Qa7 27. Bd2 Bd8 28. Qb5 Kg7 29. Nf2 Bc7 30. Nd1 Qa6 31. Qe8 1-0

[Event "POL-chT 1st League"]
[Site "Sypniewo"]
[Date "2022.09.04"]
[Round "2.4"]
[White "Nurkiewicz, Maciej"]
[Black "Licznerski, Lukasz"]
[Result "1/2-1/2"]
[WhiteElo "2349"]
[BlackElo "2447"]
[PlyCount "117"]
[EventDate "2022.09.03"]
[EventType "team-swiss"]
[EventRounds "9"]
[EventCountry "POL"]
[SourceTitle "CBM 210 Extra"]
[Source "ChessBase"]
[SourceDate "2022.11.30"]
[SourceVersion "1"]
[SourceVersionDate "2022.11.30"]
[SourceQuality "1"]
[WhiteTeam "Wrzos Miedzyborow"]
[BlackTeam "Stara Wies Parnas"]
[WhiteTeamCountry "POL"]
[BlackTeamCountry "POL"]

1. d4 Nf6 2. c4 g6 3. Nc3 d5 4. cxd5 Nxd5 5. e4 Nxc3 6. bxc3 Bg7 7. Bc4 c5 8. Ne2 Nc6 9. Be3 0-0 10. 0-0 cxd4 11. cxd4 Na5 12. Bd3 b6 13. Rc1 e6 14. Qd2 Bb7 15. h4 Qe7 16. h5 Rfc8 17. e5 Bd5 18. Bg5 Qb7 19. f3 Nc4 20. Qf4 Nb2 21. Be4 Qa6 22. Ng3 Qa4 23. Bb1 Bc4 24. Rfe1 Nd3 25. Bxd3 Bxd3 26. Kh2 Bc2 27. Bf6 Bf8 28. hxg6 fxg6 29. Qg4 Qd7 30. Ne4 Bh6 31. Bg5 Bxg5 32. Nxg5 Bf5 33. Qf4 h6 34. Ne4 Bxe4 35. Qxe4 Kg7 36. Red1 b5 37. d5 Rxc1 38. Rxc1 exd5 39. Qd4 Kh7 40. Rc5 Rd8 41. g4 a6 42. Kg2 Qe6 43. a3 Rd7 44. Kg3 Qb6 45. f4 Qe6 46. Qd3 Kg7 47. Qc2 h5 48. gxh5 gxh5 49. Qe2 Qg6+ 50. Kh2 Kh7 51. e6 Rg7 52. Qc2 Qxc2+ 53. Rxc2 Kg6 54. Rd2 Kf5 55. Rxd5+ Kxf4 56. Rd7 Rg8 57. Ra7 Re8 58. Rxa6 Ke5 59. Rb6 1/2-1/2

[Event "Warsaw Maciei Memorial"]
[Site "Warsaw"]
[Date "2022.07.08"]
[Round "11"]
[White "Baum, Jonasz"]
[Black "Nurkiewicz, Maciej"]
[Result "0-1"]
[WhiteElo "2410"]
[BlackElo "2332"]
[PlyCount "50"]
[EventDate "2022.07.08"]
[EventType "swiss (blitz)"]
[EventRounds "11"]
[EventCountry "POL"]
[SourceTitle "CBM 209 Extra"]
[Source "ChessBase"]
[SourceDate "2022.09.30"]
[SourceVersion "1"]
[SourceVersionDate "2022.09.30"]
[SourceQuality "1"]

1. e4 e5 2. Nc3 Nc6 3. f4 exf4 4. d4 Qh4+ 5. Ke2 Nf6 6. Nf3 Qh5 7. Bxf4 Bb4 8. e5 Bxc3 9. exf6 Bxd4 10. Kd2 Bxf6 11. Qe1+ Ne7 12. Rd1 Bxb2 13. c3 Qa5 14. Qe5 Qxa2 15. Bd3 Ba3+ 16. Ke3 Bd6 17. Qe4 Bxf4+ 18. Kxf4 Qe6 19. Rhe1 Qxe4+ 20. Rxe4 d6 21. Rde1 Be6 22. Nd4 0-0 23. Kg3 Nd5 24. c4 Nf6 25. Nxe6 Nxe4+ 0-1

[Event "Krakow op-A"]
[Site "Krakow"]
[Date "2022.06.26"]
[Round "2"]
[White "Leniart, Arkadiusz"]
[Black "Nurkiewicz, Maciej"]
[Result "0-1"]
[WhiteElo "2476"]
[BlackElo "2332"]
[PlyCount "98"]
[EventDate "2022.06.25"]
[EventType "swiss"]
[EventRounds "9"]
[EventCountry "POL"]
[SourceTitle "CBM 209 Extra"]
[Source "ChessBase"]
[SourceDate "2022.09.30"]
[SourceVersion "1"]
[SourceVersionDate "2022.09.30"]
[SourceQuality "1"]

1. e4 c5 2. c3 d5 3. exd5 Qxd5 4. d4 Nc6 5. Nf3 Bg4 6. dxc5 Qxd1+ 7. Kxd1 e5 8. b4 a5 9. b5 Nd8 10. c6 bxc6 11. h3 Bxf3+ 12. gxf3 Bc5 13. Ba3 Ne6 14. Bc4 cxb5 15. Bxb5+ Ke7 16. Bxc5+ Nxc5 17. Re1 Kf6 18. Nd2 Ne7 19. Kc2 Ng6 20. Nc4 Rhd8 21. Re3 Kf5 22. Rb1 f6 23. Bc6 Ra6 24. Bb7 Nxb7 25. Rxb7 Rc6 26. Nd2 Nf4 27. Rxg7 Nd5 28. Rxh7 Nb4+ 29. Kb3 Rxd2 30. cxb4 axb4 31. Rh5+ Kg6 32. Rh4 Ra6 33. Rxb4 Raxa2 34. Rg4+ Kf5 35. Rc3 Rxf2 36. Rd3 Ra8 37. Rh4 Rg8 38. Rh5+ Ke6 39. Rc3 Rg3 40. Rc6+ Kf7 41. h4 Rfxf3+ 42. Kb4 Rb3+ 43. Kc4 Rbc3+ 44. Kb5 Rxc6 45. Kxc6 Rd3 46. Kc5 Rd8 47. Rf5 Rh8 48. Rf1 Rxh4 49. Rd1 Ke6 0-1

[Event "Krakow op-A"]
[Site "Krakow"]
[Date "2022.06.25"]
[Round "1"]
[White "Nurkiewicz, Maciej"]
[Black "Trybus, Daniel"]
[Result "1-0"]
[WhiteElo "2332"]
[BlackElo "2199"]
[PlyCount "47"]
[EventDate "2022.06.25"]
[EventType "swiss"]
[EventRounds "9"]
[EventCountry "POL"]
[SourceTitle "CBM 209 Extra"]
[Source "ChessBase"]
[SourceDate "2022.09.30"]
[SourceVersion "1"]
[SourceVersionDate "2022.09.30"]
[SourceQuality "1"]

1. e4 c5 2. Nf3 d6 3. d4 cxd4 4. Nxd4 Nf6 5. Nc3 a6 6. Be3 e6 7. f3 h5 8. a4 Nc6 9. Bc4 d5 10. exd5 exd5 11. Bb3 Bd6 12. Qe2 0-0 13. 0-0-0 Re8 14. Qd2 Qc7 15. Kb1 Rxe3 16. Qxe3 Qa5 17. Nxd5 Nxd5 18. Qe8+ Bf8 19. Nxc6 bxc6 20. Qxc6 Nb6 21. Rd8 Bb7 22. Bxf7+ Kxf7 23. Qxb7+ Kg8 24. Rxa8 1-0

[Event "POL-chT 1st League"]
[Site "Szklarska Poreba"]
[Date "2021.09.12"]
[Round "9.4"]
[White "Nurkiewicz, Maciej"]
[Black "Golecki, Jan"]
[Result "0-1"]
[WhiteElo "2339"]
[BlackElo "2249"]
[PlyCount "66"]
[EventDate "2021.09.04"]
[EventType "team-swiss"]
[EventRounds "9"]
[EventCountry "POL"]
[SourceTitle "CBM 204 Extra"]
[Source "ChessBase"]
[SourceDate "2021.11.30"]
[SourceVersion "1"]
[SourceVersionDate "2021.11.30"]
[SourceQuality "1"]
[WhiteTeam "Wrzos Miedzyborow"]
[BlackTeam "Chylice Laura"]
[WhiteTeamCountry "POL"]
[BlackTeamCountry "POL"]

1. Nf3 d5 2. d4 Nf6 3. g3 e6 4. Bg2 c6 5. 0-0 Be7 6. c4 0-0 7. Qc2 b6 8. Nbd2 Bb7 9. e4 dxe4 10. Nxe4 Na6 11. Rd1 Qc8 12. Nfg5 Nxe4 13. Qxe4 Bxg5 14. Bxg5 Qd7 15. a3 Rab8 16. Bf4 c5 17. Qe2 Bxg2 18. Bxb8 Ba8 19. Bf4 cxd4 20. Be5 Nc5 21. b4 f6 22. Bf4 Ne4 23. Rac1 Nc3 24. Rxc3 Qc6 25. Rf3 e5 26. Kg2 g5 27. h3 gxf4 28. b5 Qb7 29. Rb1 Kh8 30. Rbb3 d3 31. Qd1 Re8 32. Rb2 Rd8 33. Rb3 Qxf3+ 0-1

[Event "POL-chT 1st League"]
[Site "Szklarska Poreba"]
[Date "2021.09.11"]
[Round "8.6"]
[White "Karolczuk, Iwo"]
[Black "Nurkiewicz, Maciej"]
[Result "1/2-1/2"]
[WhiteElo "2383"]
[BlackElo "2339"]
[PlyCount "57"]
[EventDate "2021.09.04"]
[EventType "team-swiss"]
[EventRounds "9"]
[EventCountry "POL"]
[SourceTitle "CBM 204 Extra"]
[Source "ChessBase"]
[SourceDate "2021.11.30"]
[SourceVersion "1"]
[SourceVersionDate "2021.11.30"]
[SourceQuality "1"]
[WhiteTeam "Podlesie UKS 21"]
[BlackTeam "Wrzos Miedzyborow"]
[WhiteTeamCountry "POL"]
[BlackTeamCountry "POL"]

1. d4 Nf6 2. c4 c5 3. d5 b5 4. Nf3 Bb7 5. a4 bxc4 6. Nc3 d6 7. e4 g6 8. Bxc4 Nfd7 9. e5 Nxe5 10. Nxe5 dxe5 11. d6 Bxg2 12. Qb3 e6 13. Rg1 Bc6 14. Bxe6 fxe6 15. Qxe6+ Be7 16. Qxe5 Kf7 17. Qxe7+ Qxe7+ 18. dxe7 Kxe7 19. Bg5+ Kf7 20. 0-0-0 Na6 21. Rge1 Rhe8 22. Nb5 Rxe1 23. Rxe1 Bxb5 24. axb5 Nb4 25. Re7+ Kg8 26. Kd2 Rd8+ 27. Ke2 Rb8 28. Rxa7 Rxb5 29. Ra8+ 1/2-1/2

[Event "POL-chT 1st League"]
[Site "Szklarska Poreba"]
[Date "2021.09.10"]
[Round "7.2"]
[White "Nurkiewicz, Maciej"]
[Black "Sabuk, Piotr"]
[Result "1/2-1/2"]
[WhiteElo "2339"]
[BlackElo "2393"]
[PlyCount "153"]
[EventDate "2021.09.04"]
[EventType "team-swiss"]
[EventRounds "9"]
[EventCountry "POL"]
[SourceTitle "CBM 204 Extra"]
[Source "ChessBase"]
[SourceDate "2021.11.30"]
[SourceVersion "1"]
[SourceVersionDate "2021.11.30"]
[SourceQuality "1"]
[WhiteTeam "Wrzos Miedzyborow"]
[BlackTeam "Kopernik WKS"]
[WhiteTeamCountry "POL"]
[BlackTeamCountry "POL"]

1. e4 c6 2. d4 d5 3. Nc3 dxe4 4. Nxe4 Nf6 5. Nxf6+ exf6 6. c3 Bd6 7. Bd3 Na6 8. Ne2 Nc7 9. 0-0 0-0 10. Bf4 Bg4 11. Bxd6 Qxd6 12. Qc2 Bxe2 13. Bxe2 Rfe8 14. Rfd1 Re7 15. Bd3 g6 16. Re1 Rae8 17. Qd2 Rxe1+ 18. Rxe1 Rxe1+ 19. Qxe1 c5 20. Qe4 cxd4 21. cxd4 b6 22. Bc4 a5 23. Qb7 Ne6 24. Bxe6 fxe6 25. Qc8+ Kg7 26. Qc4 Kf7 27. h3 Ke7 28. g3 Kd7 29. Qc3 Qc6 30. Qe3 Qc2 31. Qh6 Qxb2 32. Qxh7+ Kd6 33. Qxg6 Qxa2 34. h4 a4 35. h5 a3 36. h6 Qe2 37. Qb1 Qb2 38. Qf1 Qc2 39. Qb5 Qb2 40. Qf1 Qc2 41. Qb5 Kc7 42. Qa6 a2 43. h7 Qb1+ 44. Kg2 a1Q 45. Qxa1 Qxa1 46. h8Q Qxd4 47. Qg7+ Kc6 48. Qe7 Qd5+ 49. f3 f5 50. Qe8+ Kc5 51. Qe7+ Qd6 52. Qf6 Qd5 53. Qc3+ Kd6 54. Qa3+ Qc5 55. Qd3+ Ke7 56. g4 b5 57. g5 b4 58. Qa6 Qc2+ 59. Kg3 Qc7+ 60. Kh3 Kf7 61. Qb5 Qd6 62. Qc4 Qb6 63. Qh4 Qg1 64. Qh7+ Kf8 65. Qh8+ Ke7 66. Qf6+ Kd7 67. g6 Qh1+ 68. Kg3 Qg1+ 69. Kh4 b3 70. g7 Qh2+ 71. Kg5 Qg2+ 72. Kh6 b2 73. Qd4+ Kc6 74. Qc4+ Kd6 75. Qd4+ Kc6 76. Qc4+ Kd6 77. Qd4+ 1/2-1/2

[Event "POL-chT 1st League"]
[Site "Szklarska Poreba"]
[Date "2021.09.09"]
[Round "6.5"]
[White "Nurkiewicz, Maciej"]
[Black "Luberanski, Jakub"]
[Result "1/2-1/2"]
[WhiteElo "2339"]
[BlackElo "2188"]
[PlyCount "83"]
[EventDate "2021.09.04"]
[EventType "team-swiss"]
[EventRounds "9"]
[EventCountry "POL"]
[SourceTitle "CBM 204 Extra"]
[Source "ChessBase"]
[SourceDate "2021.11.30"]
[SourceVersion "1"]
[SourceVersionDate "2021.11.30"]
[SourceQuality "1"]
[WhiteTeam "Wrzos Miedzyborow"]
[BlackTeam "Wroclaw Polonia"]
[WhiteTeamCountry "POL"]
[BlackTeamCountry "POL"]

1. e4 e5 2. Nf3 Nc6 3. Bc4 Bc5 4. b4 Bxb4 5. c3 Ba5 6. d4 d6 7. Qb3 Qd7 8. dxe5 Bb6 9. exd6 Na5 10. Qb5 Nxc4 11. Qxc4 Qxd6 12. Ba3 Be6 13. Qb5+ Qd7 14. Qxd7+ Bxd7 15. Nbd2 0-0-0 16. Nd4 Nh6 17. f3 f5 18. 0-0-0 Ba4 19. N2b3 fxe4 20. fxe4 Rhe8 21. Rhe1 Ng4 22. Re2 Ne5 23. Rf1 Bxb3 24. Nxb3 a5 25. Kc2 a4 26. Nc5 Nc4 27. Bb4 Re5 28. Nd3 Rh5 29. Be7 Re8 30. Rf8 Kd7 31. Rxe8 Kxe8 32. g4 Rb5 33. Bh4 Ne3+ 34. Kd2 g5 35. Bg3 Nxg4 36. e5 Rd5 37. Re4 h5 38. h3 Nh6 39. Rxa4 Nf5 40. Be1 Kf7 41. Ke2 Ne7 42. Bd2 1/2-1/2

[Event "POL-chT 1st League"]
[Site "Szklarska Poreba"]
[Date "2021.09.04"]
[Round "1.4"]
[White "Snihur, Piotr"]
[Black "Nurkiewicz, Maciej"]
[Result "0-1"]
[WhiteElo "2272"]
[BlackElo "2339"]
[PlyCount "62"]
[EventDate "2021.09.04"]
[EventType "team-swiss"]
[EventRounds "9"]
[EventCountry "POL"]
[SourceTitle "CBM 204 Extra"]
[Source "ChessBase"]
[SourceDate "2021.11.30"]
[SourceVersion "1"]
[SourceVersionDate "2021.11.30"]
[SourceQuality "1"]
[WhiteTeam "Konin UKS Smecz"]
[BlackTeam "Wrzos Miedzyborow"]
[WhiteTeamCountry "POL"]
[BlackTeamCountry "POL"]

1. d4 Nf6 2. c4 c5 3. d5 b5 4. cxb5 a6 5. bxa6 g6 6. Nc3 Bxa6 7. e4 Bxf1 8. Kxf1 d6 9. g3 Bg7 10. Kg2 0-0 11. Nf3 Nbd7 12. h3 Qa5 13. Qe2 Rfb8 14. Rd1 Qa6 15. Qe1 Ne8 16. a4 Rb4 17. Ra3 Rab8 18. Bf4 Rxb2 19. e5 Nb6 20. exd6 exd6 21. Rb1 Rb4 22. Rd1 Nc4 23. Ra2 Nb2 24. Rxb2 Rxb2 25. Nb5 Qxa4 26. Nxd6 Nxd6 27. Bxd6 Re8 28. Ra1 Qb5 29. Qd1 c4 30. Ba3 Rb3 31. Ra2 Rd3 0-1

[Event "Suwalki Warakomska Memorial 5th"]
[Site "Suwalki"]
[Date "2021.08.01"]
[Round "7"]
[White "Kacprzak, Kacper"]
[Black "Nurkiewicz, Maciej"]
[Result "0-1"]
[WhiteElo "2075"]
[BlackElo "2342"]
[PlyCount "64"]
[EventDate "2021.07.27"]
[EventType "swiss"]
[EventRounds "9"]
[EventCountry "POL"]
[SourceTitle "CBM 203 Extra"]
[Source "ChessBase"]
[SourceDate "2021.09.30"]
[SourceVersion "1"]
[SourceVersionDate "2021.09.30"]
[SourceQuality "1"]

1. d4 d5 2. c4 e5 3. dxe5 d4 4. Nf3 Nc6 5. Nbd2 Bg4 6. g3 Qd7 7. Qb3 0-0-0 8. Bg2 Nge7 9. 0-0 Ng6 10. Re1 h5 11. h4 f6 12. exf6 gxf6 13. a3 Rg8 14. Nf1 Bh3 15. Bh1 Qg4 16. N1h2 Qe6 17. e3 d3 18. Bd2 Bc5 19. Qb5 Qd6 20. Nf1 a6 21. Qa4 Nce5 22. N3h2 Bd7 23. Qd1 Nxc4 24. b4 Bb6 25. Qxh5 Nge5 26. a4 Rh8 27. Qd1 Rdg8 28. Nf3 Bg4 29. Nxe5 Nxe5 30. Qb3 Nf3+ 31. Bxf3 Bxf3 32. Qc4 Rg4 0-1

[Event "Suwalki Warakomska Memorial 5th"]
[Site "Suwalki"]
[Date "2021.07.29"]
[Round "3"]
[White "Nurkiewicz, Maciej"]
[Black "Renkowski, Piotr"]
[Result "1-0"]
[WhiteElo "2342"]
[BlackElo "2150"]
[PlyCount "47"]
[EventDate "2021.07.27"]
[EventType "swiss"]
[EventRounds "9"]
[EventCountry "POL"]
[SourceTitle "CBM 203 Extra"]
[Source "ChessBase"]
[SourceDate "2021.09.30"]
[SourceVersion "1"]
[SourceVersionDate "2021.09.30"]
[SourceQuality "1"]

1. d4 d5 2. c4 c6 3. Nf3 Nf6 4. Nc3 e6 5. e3 Nbd7 6. Qc2 Bd6 7. Bd3 0-0 8. 0-0 e5 9. cxd5 cxd5 10. Nb5 Bb8 11. dxe5 Nxe5 12. Nxe5 Bxe5 13. Bd2 a6 14. Nd4 Bxd4 15. exd4 Bd7 16. Qb3 Bc6 17. Rae1 Qd7 18. f3 Rfe8 19. Re5 h6 20. Rfe1 Qd6 21. Bb1 Rac8 22. Qe3 Nh7 23. Qf4 Nf8 24. Rxe8 1-0

[Event "Lazy Baltic Pearl op-A 17th"]
[Site "Lazy"]
[Date "2021.07.06"]
[Round "9"]
[White "Rak, Tomasz"]
[Black "Nurkiewicz, Maciej"]
[Result "0-1"]
[WhiteElo "1974"]
[BlackElo "2342"]
[PlyCount "50"]
[EventDate "2021.06.27"]
[EventType "swiss"]
[EventRounds "9"]
[EventCountry "POL"]
[SourceTitle "EXT 2022"]
[Source "ChessBase"]
[SourceDate "2021.10.06"]
[SourceVersion "1"]
[SourceVersionDate "2021.10.06"]
[SourceQuality "1"]

1. Nf3 Nf6 2. d4 g6 3. c4 Bg7 4. Nc3 d5 5. Bg5 Ne4 6. cxd5 Nxg5 7. Nxg5 e6 8. Qd2 h6 9. Nh3 exd5 10. Qe3+ Kf8 11. 0-0-0 c5 12. dxc5 d4 13. Qg3 Nc6 14. e3 Qe7 15. exd4 Bxd4 16. Bb5 Qxc5 17. Nf4 Bxf2 18. Nxg6+ Kg7 19. Qc7 Kxg6 20. Rd5 Qe7 21. Rd6+ Kg7 22. Rxc6 Qe3+ 23. Kb1 bxc6 24. Bxc6 Bf5+ 25. Ka1 Rac8 0-1

[Event "Lazy Baltic Pearl op-A 17th"]
[Site "Lazy"]
[Date "2021.07.02"]
[Round "6"]
[White "Malczyk, Radoslaw"]
[Black "Nurkiewicz, Maciej"]
[Result "0-1"]
[WhiteElo "2070"]
[BlackElo "2342"]
[PlyCount "76"]
[EventDate "2021.06.27"]
[EventType "swiss"]
[EventRounds "9"]
[EventCountry "POL"]
[SourceTitle "EXT 2022"]
[Source "ChessBase"]
[SourceDate "2021.10.06"]
[SourceVersion "1"]
[SourceVersionDate "2021.10.06"]
[SourceQuality "1"]

1. d4 Nf6 2. c4 c5 3. d5 b5 4. cxb5 a6 5. bxa6 Bxa6 6. Nc3 d6 7. Nf3 g6 8. e4 Bxf1 9. Kxf1 Bg7 10. g3 0-0 11. Kg2 Nbd7 12. a4 Ra6 13. Qc2 Qa8 14. Nb5 Rc8 15. Ra3 Nb6 16. Nc3 e6 17. dxe6 fxe6 18. e5 dxe5 19. Re1 Nc4 20. Rb3 Nd5 21. Kg1 Nb4 22. Qe2 Na5 23. Ra3 c4 24. Ng5 Nd3 25. Rf1 Nb3 26. Rxb3 Nxc1 27. Rxc1 cxb3 28. Qg4 Bh6 29. h4 Rf8 30. Nce4 Rc6 31. Rd1 Qc8 32. h5 Rc1 33. hxg6 Rxd1+ 34. Qxd1 Bxg5 35. gxh7+ Kh8 36. Nxg5 Qc2 37. Qe1 Qxb2 38. Ne4 Qd4 0-1

[Event "POL-chT Ekstraliga"]
[Site "Warsaw"]
[Date "2020.09.01"]
[Round "7.5"]
[White "Miton, Kamil"]
[Black "Nurkiewicz, Maciej"]
[Result "1/2-1/2"]
[WhiteElo "2590"]
[BlackElo "2326"]
[PlyCount "71"]
[EventDate "2020.08.26"]
[EventType "team-tourn"]
[EventRounds "9"]
[EventCountry "POL"]
[SourceTitle "CBM 198 Extra"]
[Source "ChessBase"]
[SourceDate "2020.11.30"]
[SourceVersion "1"]
[SourceVersionDate "2020.11.30"]
[SourceQuality "1"]
[WhiteTeam "Katowice Wasko"]
[BlackTeam "Miedzyborow Wrzos"]
[WhiteTeamCountry "POL"]
[BlackTeamCountry "POL"]

1. d4 Nf6 2. c4 c5 3. Nf3 e6 4. Nc3 a6 5. e4 cxd4 6. Nxd4 Qc7 7. Be2 Be7 8. 0-0 0-0 9. Be3 d6 10. Qd2 Nbd7 11. f3 b6 12. Rfc1 Bb7 13. b4 Rac8 14. Na4 Qb8 15. Rab1 Rfe8 16. Kh1 Bd8 17. Bg1 Qa8 18. Bf1 Bc7 19. c5 dxc5 20. bxc5 bxc5 21. Nxc5 Nxc5 22. Rxc5 Nd7 23. Rc2 Be5 24. Nb3 Rxc2 25. Qxc2 Bc6 26. Na5 Bb5 27. Bxb5 axb5 28. Rxb5 Rc8 29. Qd2 Rc7 30. Nb3 Qc8 31. a4 Rc2 32. Qd1 h6 33. a5 Ra2 34. Nc5 Nxc5 35. Rxc5 Qb8 36. Rc2 1/2-1/2

[Event "POL-chT Ekstraliga"]
[Site "Warsaw"]
[Date "2020.08.30"]
[Round "5.4"]
[White "Warakomski, Tomasz"]
[Black "Nurkiewicz, Maciej"]
[Result "1/2-1/2"]
[WhiteElo "2515"]
[BlackElo "2326"]
[PlyCount "117"]
[EventDate "2020.08.26"]
[EventType "team-tourn"]
[EventRounds "9"]
[EventCountry "POL"]
[SourceTitle "CBM 198 Extra"]
[Source "ChessBase"]
[SourceDate "2020.11.30"]
[SourceVersion "1"]
[SourceVersionDate "2020.11.30"]
[SourceQuality "1"]
[WhiteTeam "Plock Hetman"]
[BlackTeam "Miedzyborow Wrzos"]
[WhiteTeamCountry "POL"]
[BlackTeamCountry "POL"]

1. e4 c5 2. Nf3 d6 3. d4 cxd4 4. Nxd4 Nf6 5. Nc3 a6 6. Bd3 e5 7. Nde2 Be7 8. 0-0 0-0 9. a4 b6 10. f4 Nbd7 11. Ng3 Nc5 12. Bc4 Bb7 13. Qe2 b5 14. axb5 axb5 15. Rxa8 Bxa8 16. Nxb5 Ncxe4 17. Nxe4 Nxe4 18. fxe5 dxe5 19. Be3 Bg5 20. Bxg5 Qxg5 21. Nc7 Nf6 22. Nxa8 Rxa8 23. Qd3 e4 24. Qd4 Re8 25. Be2 h5 26. h3 Nd5 27. Qf2 Re7 28. c4 Ne3 29. h4 Qh6 30. Ra1 f5 31. c5 f4 32. Ra6 g6 33. Rf6 Nf5 34. Qe1 f3 35. Bc4+ Kg7 36. Re6 Qf4 37. Rxe7+ Nxe7 38. gxf3 e3 39. Bd3 Nd5 40. Be4 Nf6 41. c6 Nxe4 42. fxe4 Qg4+ 43. Kf1 Qf3+ 44. Kg1 Qg4+ 45. Kh2 Qxe4 46. c7 Qc2+ 47. Kg1 Kh7 48. Qxe3 Qxc7 49. b4 Qd7 50. Qe4 Qd1+ 51. Kf2 Qd2+ 52. Kf3 Qc3+ 53. Kf4 Qf6+ 54. Ke3 Qc3+ 55. Ke2 Qb2+ 56. Kd1 Qb3+ 57. Ke2 Qb2+ 58. Kf1 Qc1+ 59. Ke2 1/2-1/2

[Event "Krakow op-A 30th"]
[Site "Krakow"]
[Date "2020.01.03"]
[Round "8"]
[White "Antolak, Julia"]
[Black "Nurkiewicz, Maciej"]
[Result "1-0"]
[WhiteElo "2249"]
[BlackElo "2340"]
[PlyCount "49"]
[EventDate "2019.12.27"]
[EventType "swiss"]
[EventRounds "9"]
[EventCountry "POL"]
[SourceTitle "CBM 194 Extra"]
[Source "ChessBase"]
[SourceDate "2020.03.31"]
[SourceVersion "1"]
[SourceVersionDate "2020.03.31"]
[SourceQuality "1"]

1. e4 c5 2. Nf3 d6 3. d4 cxd4 4. Nxd4 Nf6 5. Nc3 a6 6. Bg5 e6 7. f4 h6 8. Bh4 Qb6 9. a3 Nc6 10. Bf2 Qc7 11. Qf3 Be7 12. 0-0-0 Nxd4 13. Bxd4 b5 14. e5 Bb7 15. Qg3 Nh5 16. Qg4 Nxf4 17. exd6 Bxd6 18. Bxb5+ Bc6 19. Bxg7 Rg8 20. Ne4 0-0-0 21. Bxc6 Qxc6 22. Nxd6+ Rxd6 23. Qxf4 Rxd1+ 24. Rxd1 Rxg7 25. Rd3 1-0

[Event "Krakow op-A 30th"]
[Site "Krakow"]
[Date "2019.12.31"]
[Round "6"]
[White "Nurkiewicz, Maciej"]
[Black "Niedbala, Bartlomiej"]
[Result "0-1"]
[WhiteElo "2340"]
[BlackElo "2239"]
[PlyCount "88"]
[EventDate "2019.12.27"]
[EventType "swiss"]
[EventRounds "9"]
[EventCountry "POL"]
[SourceTitle "CBM 194 Extra"]
[Source "ChessBase"]
[SourceDate "2020.03.31"]
[SourceVersion "1"]
[SourceVersionDate "2020.03.31"]
[SourceQuality "1"]

1. e4 g6 2. d4 Bg7 3. Nc3 d6 4. f4 a6 5. Nf3 b5 6. Bd3 Nd7 7. e5 c5 8. e6 fxe6 9. Ng5 Bxd4 10. Nxe6 Bxc3+ 11. bxc3 Qb6 12. Qf3 Rb8 13. Qg3 Ndf6 14. f5 Bxe6 15. fxe6 c4 16. Be3 Qa5 17. Bxg6+ hxg6 18. Qxg6+ Kd8 19. Bd4 b4 20. 0-0 Qh5 21. Qg3 Qh4 22. Qxh4 Rxh4 23. Rae1 bxc3 24. Bxc3 Kc7 25. g3 Re4 26. Rxe4 Nxe4 27. Rf4 Rb1+ 28. Kg2 Nxc3 29. Rxc4+ Kd8 30. Rxc3 Re1 31. Ra3 Rxe6 32. Rxa6 Nf6 33. Kf3 Re5 34. g4 Rc5 35. Ra4 Rc3+ 36. Kf4 Rh3 37. Ra8+ Kd7 38. g5 Nh5+ 39. Kg4 Rxh2 40. a4 Ng7 41. a5 Rxc2 42. a6 Rc8 43. Ra7+ Ke6 44. Rb7 Rc4+ 0-1